000 00367nam a2200145Ia 4500
008 220216s9999 xx 000 0 und d
100 _aSiak L T
245 0 _aMechanised replanting and first year establishment
260 _bPlanters Bulletin
_c1962
300 _a113-122
650 _aManuring
650 _aReplanting
650 _aRubber industry
942 _cJS
999 _c62759
_d62759